000 00663nam a2200241 i 4500
001 C2-0292177
003 PPAK
005 20180728024253.0
008 081211s2003 nyua|||| ||||| | eng d
020 _a0060597089
040 _aPPAK
_beng
_cPPAK
_erda
082 0 4 _a823
_223
090 0 0 _a823
_bPFI
_dLCK
100 1 _aPfister, Marcus.,
_eauthor
245 1 4 _aThe adventures of rainbow fish
264 1 _aNew York :
_bHarper Collins Publishers ,
_c2003
300 _a128 pages :
_billustrations ;
_c24 cm
336 _2rdacontent
_atext
337 _2rdamedia
_aunmediated
338 _2rdacarrier
_avolume
650 1 0 _aEnglish fiction.
942 _ddc
_cB
999 _c97128
_d97128